000 00457nam a2200133Ia 4500
008 100328s9999 xx 000 0 und d
082 _b50791
100 _aदेशमुख श्रीकृष्ण द.
245 _aअध्यात्म आणि जीवन.
260 _bश्रीकृपा
630 _aअध्यात्म आणि जीवन.
730 _aअध्यात्म आणि जीवन.
942 _cBOOK
999 _c537866
_d537863